000
00286nam a2200109Ia 4500
008
231129s9999||||xx |||||||||||||| ||spa||
082
_a
ER- 027
100
_a
íngel Albalucía
245
0
_a
"¡Oh gloria inmarcesible!"
264
_a
Bogotá: Colombia Nueva 1979
942
_2
ddc
_c
BKS
999
_c
4104
_d
4104